01867agaaa2200313 45000010005000000030009000050050017000140070009000310080040000400400023000800410013001031000044001161300026001602400038001862450216002242460031004402500022004712600128004933000033006215080127006545110085007815200432008665380016012985460013013146500056013277000056013837000055014397000059014948285IT-RoPAU20220918181239.0d cvaizq50131s9999||||xx ||| | || ||und|| aIT-RoPAUcIT-RoPAU aITALIANO aBunuel LuisgCodice regista SPICS: 8694 aISOLA CHE SCOTTA (L') aFIEVRE MONTE A EL PAO (LA)gT0209 aISOLA CHE SCOTTA (L')cProdotto da: Borderie Raymond -- Sceneggiatura: Bunuel Luis Alcoriza Luis Dorat Charles Sapin Louis -- Diretto da: Bunuel LuispISOLA CHE SCOTTA (L') (Rif. Codice opera principale : 48285) aFIEVRE MONTE A EL PAO (LA) aEdizione Standard aPARIGI - MESSICO (FRANCIA)bGROUPE DES QUATRE - FIMEX / Distribuzione: RAIg"1959 (1° ed.: 1987 ; Ed. Lingua Orig.: 1959)" aVHSbsonoro, col.c90 minuti a"Fotografia: Figueroa Gabriel; Musica: Misraki Paul; Sceneggiatura: Bunuel Luis Alcoriza Luis Dorat Charles Sapin Louis; " a"Philipe Gerard; Felix Maria; Servais Jean; Dantes Raul; Ferriz M.A.; Dantes R." aIL NUOVO GOVERNATORE DI UN'ISOLA VUOLE SPOSARE LA VEDOVA DEL PREDECESSORE LEI ACCETTA MA STUDIA UN PIANO ASSIEME AD UN CORTEGGIATORE PER VENDICARSI IL PIANO RIESCE E L'UOMO VIENE ALLONTANATO LA DONNA IN SEGUITO AD UNA RIVOLTA E' CONDANNATA A MORTE E IL CORTEGGIATORE CHE NEL FRATTEMPO HA OTTENUTO ILCOMANDO VACANTE PER TIMORE DI GIOCARSI LA CARRIERA INVIA TROPPO TARDI L'ORDINE DI SOSPENDERE L'ESECUZIONE. FILM IN BIANCO E NERO aPAL, STEREO aITALIANO aDRAMMATICOeFILMS [VHS]xCodice MATERIA SPICS: 9960 aBunuel Luis e(regista)gCodice regista SPICS: 8694 aMisraki Paule(musica)gCodice Musica SPICS: 16067 aSapin Louis e(soggetto)gCodice Soggetto SPICS: 32270